UM Logo

Accounting for governmental & nonprofit entities / (Record no. 18547)

MARC details
000 -LEADER
fixed length control field 00773nam a22002057a 4500
008 - FIXED-LENGTH DATA ELEMENTS--GENERAL INFORMATION
fixed length control field 231130b ||||| |||| 00| 0 eng d
020 ## - INTERNATIONAL STANDARD BOOK NUMBER
International Standard Book Number 9781265669454
082 ## - DEWEY DECIMAL CLASSIFICATION NUMBER
Edition number 2022
Classification number DC 657.825
Item number R244
100 ## - MAIN ENTRY--PERSONAL NAME
Personal name Reck, Jacqueline.
9 (RLIN) 50302
245 ## - TITLE STATEMENT
Title Accounting for governmental & nonprofit entities /
Statement of responsibility, etc. Jacqueline Reck, Suzanne Lowensohn and Daniel Neely.
250 ## - EDITION STATEMENT
Edition statement 19th edition.
260 ## - PUBLICATION, DISTRIBUTION, ETC. (IMPRINT)
Place of publication, distribution, etc. New York :
Name of publisher, distributor, etc. Mcgraw hill llc,
Date of publication, distribution, etc. ©2022.
300 ## - PHYSICAL DESCRIPTION
Extent xxvii, 788 pages :
Other physical details color illustrations ;
Dimensions 24.5 cm.
500 ## - GENERAL NOTE
General note Includes glossary and index.
650 ## - SUBJECT ADDED ENTRY--TOPICAL TERM
Topical term or geographic name as entry element Public finance
General subdivision Accounting.
9 (RLIN) 50326
650 ## - SUBJECT ADDED ENTRY--TOPICAL TERM
Topical term or geographic name as entry element Nonprofit organizations
General subdivision Accounting.
9 (RLIN) 50327
700 ## - ADDED ENTRY--PERSONAL NAME
Personal name Lowensohn, Suzanne.
Relator term author.
9 (RLIN) 50303
700 ## - ADDED ENTRY--PERSONAL NAME
Personal name Neely, Daniel.
Relator term author.
9 (RLIN) 50304
942 ## - ADDED ENTRY ELEMENTS (KOHA)
Source of classification or shelving scheme Dewey Decimal Classification
Koha item type Circulation
Holdings
Withdrawn status Lost status Source of classification or shelving scheme Damaged status Not for loan Collection code Home library Current library Date acquired Source of acquisition Cost, normal purchase price Total Checkouts Full call number Barcode Date last seen Price effective from Koha item type
    Dewey Decimal Classification     Circulation UM Digos College - LIC UM Digos College - LIC 08/08/2023 Purchased 9679.00   DC 657.825 R244 2022 27300 05/15/2025 11/30/2023 Circulation